• 首页
  • 本馆介绍
  • 公告通知
  • 最新文献
  • 馆藏检索
  • 电子资源
  • 读者导购
  • 参考咨询
  • 我的图书馆
  • 登录
  • 详细信息显示
  • 放入我的书架
  • 预约/预借图书
  • 作者相关作品
  • 分类相关作品
  • 丛书相关作品
  • 出版社相关作品

书目信息

  • 表格格式
  • 工作单格式
  • 卡片格式
题名:
东方元素在西方绘画中的表现研究
    
 
作者: 胡轶 著
分册:  
出版信息: 长春   吉林美术出版社  2020.9
页数: 218页
开本: 24cm
丛书名:
单 册:
中图分类: J209.1
科图分类:
主题词: 绘画史--研究--西方国家
电子资源:
ISBN: 978-7-5575-5082-0
000 00852nam0 2200229 45
001 012001001312
005 20130911094410.0
010    @a978-7-5575-5082-0@dCNY40.00
100    @a20191211d2019 em y0chiy0110 ea
101 0  @achi
102    @aCN@b220000
105    @aa z 000yy
106    @ar
200 1  @a东方元素在西方绘画中的表现研究@Adong fang yuan su zai xi fang hui hua zhong de biao xian yan jiu@f胡轶著
210    @a长春@c吉林美术出版社@d2020.9
215    @a218页@c图@d24cm
330    @a本书共六章,主要内容包括:东方元素与西方绘画相关概述、西方绘画构成要素和绘画语言、东西方绘画艺术的差异性、西方绘画中的东方元素、东方元素在西方绘画中的具体表现、西方绘画与东方艺术的融合。
606 0  @a绘画史@x研究@x西方国家
690    @aJ209.1@v5
701  0 @a胡轶@Ahu yi@4著
801    @aCN@b江苏凤凰@c20211018
905    @b1343012-5@dJ209.1@e1325@f4
    
    东方元素在西方绘画中的表现研究/胡轶著.-长春:吉林美术出版社,2020.9
    218页:图;24cm
    
    
    ISBN 978-7-5575-5082-0:CNY40.00
    本书共六章,主要内容包括:东方元素与西方绘画相关概述、西方绘画构成要素和绘画语言、东西方绘画艺术的差异性、西方绘画中的东方元素、东方元素在西方绘画中的具体表现、西方绘画与东方艺术的融合。
●
相关链接 在E读中查询图书 在五车中查询图书 在当当中查询图书 在豆瓣中查询图书


正题名:东方元素在西方绘画中的表现研究     索取号:J209.1/1325         预约/预借

序号 登录号 条形码 馆藏地/架位号 状态 备注
1 1343012   213430125   第一样本阅览室/ [索取号:J209.1/1325] 在馆    
2 1343013   213430134   第一借阅区/ [索取号:J209.1/1325] 在馆    
3 1343014   213430143   第一借阅区/ [索取号:J209.1/1325] 在馆    
4 1343015   213430152   第一借阅区/ [索取号:J209.1/1325] 在馆    
唐山师范学院图书馆 欢迎您!
大连网信软件有限公司© 版权所有